Music Artists by Song - V - Statistics

General Stats
  • This quiz has been taken 73 times
  • The average score is 4 of 12
Answer Stats
Songs Artist % Correct
Ice Ice Baby / Ninja Rap / Play That Funky Music Vanilla Ice
85%
Jump / Panama / Ain't Talkin' 'Bout Love Van Halen
82%
Brown Eyed Girl / Into the Mystic / Days Like This Van Morrison
73%
Bitter Sweet Symphony / Lucky Man / Sonnet The Verve
72%
Riptide / Mess Is Mine / Missing Piece Vance Joy
48%
Pale Blue Eyes / Sunday Morning / Femme Fatale The Velvet Underground
27%
A-Punk / Campus / This Life Vampire Weekend
18%
Telephones / Young / Relax Vacations
8%
Roi / Amour plastique / En nuit Videoclub
7%
Norf Norf / Black&Blue / ARE YOU WITH THAT? Vince Staples
5%
moment / Breathe / alone Vierre Cloud
3%
Alien Blues / Oulala / Ash in the Sun Vundabar
3%
No matching quizzes found
Score Distribution
Percent of People with Each Score
Percentile by Number Answered
Your Score History
You have not taken this quiz